Módulo de Farmacología (Registro nro. 947)
[ vista simple ]
| 000 -LEADER | |
|---|---|
| fixed length control field | 00657nam a22001217a 4500 |
| 008 - FIXED-LENGTH DATA ELEMENTS--GENERAL INFORMATION | |
| fixed length control field | 110909t ag ||||| |||| 00| 0 spa d |
| 100 ## - MAIN ENTRY--PERSONAL NAME | |
| Personal name | Buschiazzo, Héctor Omar |
| 9 (RLIN) | 1560 |
| 245 ## - TITLE STATEMENT | |
| Title | Módulo de Farmacología |
| Statement of responsibility, etc | Héctor Omar Buschiazzo |
| 260 ## - PUBLICATION, DISTRIBUTION, ETC. (IMPRINT) | |
| Name of publisher, distributor, etc | Universidad Nacional del Comahue, Facultad de ciencias Médicas |
| Date of publication, distribution, etc | 2000 |
| Withdrawn status | Lost status | Source of classification or shelving scheme | Damaged status | Not for loan | Location (home branch) | Sublocation or collection (holding branch) | Shelving location | Date acquired | Koha issues (times borrowed) | Piece designation (barcode) | Koha date last seen | Koha date last borrowed | Copy number | Price effective from | Public note |
|---|---|---|---|---|---|---|---|---|---|---|---|---|---|---|---|
| Dewey Decimal Classification | Biblioteca Medicina | Biblioteca Medicina | Circulación | 09/09/2011 | 3 | TR034 | 06/11/2014 | 09/09/2011 | Copia | 09/09/2011 | Fotocopia | ||||
| Dewey Decimal Classification | Biblioteca Medicina | Biblioteca Medicina | Circulación | 09/09/2011 | TR035 | 06/11/2014 | Copia | 09/09/2011 | Fotocopia | ||||||
| Dewey Decimal Classification | Biblioteca Medicina | Biblioteca Medicina | Circulación | 09/09/2011 | TR036 | 06/11/2014 | Copia | 09/09/2011 | Fotocopia |